University Home | Library Home | Institutional Repository

Nuts in May. (Record no. 134608)

MARC details
000 -LEADER
fixed length control field 00459cam4a220018100 4500
001 - CONTROL NUMBER
control field tmp15353189
003 - CONTROL NUMBER IDENTIFIER
control field UPRA
005 - DATE AND TIME OF LATEST TRANSACTION
control field 20190822121008.0
008 - FIXED-LENGTH DATA ELEMENTS--GENERAL INFORMATION
fixed length control field 950801s1964 enk eng u
035 ## - SYSTEM CONTROL NUMBER
System control number (Sirsi) r9221
035 ## - SYSTEM CONTROL NUMBER
System control number (UPRA)tmp15353189
040 ## - CATALOGING SOURCE
Transcribing agency UPRA
100 1# - MAIN ENTRY--PERSONAL NAME
Personal name Gordon, Richard.
Linkage A62312.1
245 10 - TITLE STATEMENT
Title Nuts in May.
260 ## - PUBLICATION, DISTRIBUTION, ETC.
Place of publication, distribution, etc. London :
Name of publisher, distributor, etc. Heinemann,
Date of publication, distribution, etc. [1964]
949 ## - LOCAL PROCESSING INFORMATION (OCLC)
a PR6029.S84
w lcc
i -650
m MAIN
t BOOK
l ON-SHELF

No items available.

© 2026 - The University of Zambia Library - Koha v25.11